| 000 | 00460nam a2200145Ia 4500 | ||
|---|---|---|---|
| 008 | 230917s9999||||xx |||||||||||||| ||und|| | ||
| 040 |
_e43618 _aMAIN |
||
| 041 | _aEnglish | ||
| 082 | _a823.9 D772C | ||
| 100 | _aDoyle, Arthur Conan | ||
| 245 | 4 | _aThe complete Sherlock Holmes: long stories:a study in scarlet, the sign of four the hound of the baskervilles, the valley of fear | |
| 260 |
_aLondon _bJohn Murray _c1973 |
||
| 300 | _aix, 571 p. | ||
| 942 | _cBK | ||
| 999 |
_c185826 _d185826 |
||